Top 100 contractors and housebuilders (Record no. 73319)

MARC details
000 -LEADER
fixed length control field 01066cam a2200205 4500
001 - CONTROL NUMBER
control field ABS66950
008 - FIXED-LENGTH DATA ELEMENTS--GENERAL INFORMATION
fixed length control field 030901n2003 000 0 eng u
035 ## - SYSTEM CONTROL NUMBER
System control number (Sirsi) u123445
245 ## - TITLE STATEMENT
Title Top 100 contractors and housebuilders
260 ## - PUBLICATION, DISTRIBUTION, ETC.
Date of publication, distribution, etc. 2003
490 ## - SERIES STATEMENT
Series statement Building
Volume/sequential designation 25 July 2003, 45-65(15)
520 ## - SUMMARY, ETC.
Summary, etc. Gives details of Building's annual league table of the top 100 UK contractors and house builders. Includes details of their total turnover and total pre-tax profit. With an introduction by Mark Leftly which points out that the pay of top directors in the industry has increased by 101% or £427 000 since 1995 compared with the average worker in construction who has seen a smaller expansion of 47% or up to £27 200 by last year in the same time period. Mentions that the directors themselves would argue that their pay reflects their market value.
590 ## - LOCAL NOTE (RLIN)
Local note ABS
650 ## - SUBJECT ADDED ENTRY--TOPICAL TERM
Topical term or geographic name entry element HOUSE BUILDING INDUSTRY
650 ## - SUBJECT ADDED ENTRY--TOPICAL TERM
Topical term or geographic name entry element CONTRACTOR
650 ## - SUBJECT ADDED ENTRY--TOPICAL TERM
Topical term or geographic name entry element TURNOVER
650 ## - SUBJECT ADDED ENTRY--TOPICAL TERM
Topical term or geographic name entry element SALARY SURVEYS
690 ## - LOCAL SUBJECT ADDED ENTRY--TOPICAL TERM (OCLC, RLIN)
Topical term or geographic name as entry element BUILDING AND CONSTRUCTION-ECONOMICS
942 ## - ADDED ENTRY ELEMENTS (KOHA)
Suppress in OPAC 0
Holdings
Withdrawn status Lost status Source of classification or shelving scheme Damaged status Not for loan Home library Current library Shelving location Date acquired Total Checkouts Full call number Barcode Date last seen Copy number Price effective from Koha item type
    Dewey Decimal Classification     London London Journal article 01/09/2003   ABS66950 123445-1001 06/08/2019 1 06/08/2019 Journal article